Desarrollo del pensamiento algebraico en estudiantes de bachillerato a través de la generalización visual de sucesiones de figuras (Record no. 198318)

MARC details
000 -CABECERA
campo de control de longitud fija 02120nab a2200289 a 4500
005 - FECHA Y HORA DE LA ÚLTIMA TRANSACCIÓN
campo de control 20240924070208.0
008 - ELEMENTOS DE LONGITUD FIJA--INFORMACIÓN GENERAL
campo de control de longitud fija 991125c2018 mx tr p o 000 0 spa d
035 ## - NÚMERO DE CONTROL DEL SISTEMA
Número de control de sistema UPN01000226222
040 ## - FUENTE DE LA CATALOGACIÓN
Centro catalogador/agencia de origen UPN
Lengua de catalogación spa
Centro/agencia transcriptor UPN
Normas de descripción aacr2
049 ## - COLECCIÓN
Colección ART-E
100 1# - ASIENTO PRINCIPAL--NOMBRE PERSONAL
Nombre de persona Valenzuela García, Jesús
Enlace - jesvalgar@gmail.com
100 1# - ASIENTO PRINCIPAL--NOMBRE PERSONAL
Nombre de persona Gutiérrez Marfileño, Victoria Eugenia
245 10 - MENCIÓN DE TÍTULO
Título Desarrollo del pensamiento algebraico en estudiantes de bachillerato a través de la generalización visual de sucesiones de figuras
Medio [recurso electrónico en línea]
506 0# - NOTA DE RESTRICCIONES AL ACCESO
Limitaciones de acceso Acceso abierto
520 3# - NOTA DE RESUMEN, ETC.
Sumario, etc. Este artículo muestra resultados de investigación cuyo objetivo fue indagar el tipo de estrategias utilizadas en la obtención de la regla general y promover la estrategia visual para inducir un patrón en tareas de sucesiones aritméticas de figuras como vía en el desarrollo del pensamiento algebraico en 30 estudiantes de bachillerato en México. La investigación adoptó el método de Experimento de Enseñanza e implicó una fase diagnóstica y un posterior proceso iterativo de planificación, ejecución y evaluación en cuatro sesiones de intervención. A partir de la preponderancia de estrategias de naturaleza aritmética evidenciada en la fase diagnóstica, en los resultados de la tercera sesión que aquí se reporta se logró mostrar la eficacia de la estrategia visual para inducir y expresar un patrón de regularidad a partir del análisis de términos particulares de la sucesión. Los hallazgos sugieren un tipo de enseñanza que promueva la habilidad de establecer reglas generales mediante la estrategia visual.
650 #4 - ASIENTO SECUNDARIO DE MATERIA - TERMINO TEMATICO
Término de materia o nombre geográfico como elemento de entrada Estudiantes
9 (RLIN) 13250
650 #7 - ASIENTO SECUNDARIO DE MATERIA - TERMINO TEMATICO
9 (RLIN) 2253
Término de materia o nombre geográfico como elemento de entrada Educación media superior
653 0# - TERMINO DE INDIZACION - NO CONTROLADO
Término no controlado Pensamiento algebraico
653 0# - TERMINO DE INDIZACION - NO CONTROLADO
Término no controlado Generalización
653 0# - TERMINO DE INDIZACION - NO CONTROLADO
Término no controlado Visualización
653 0# - TERMINO DE INDIZACION - NO CONTROLADO
Término no controlado Patrones
773 ## - ENLACE AL DOCUMENTO FUENTE/ENTRADA DE REGISTRO ANFITRIÓN
Parte(s) relacionada(s) Vol. 30, no. 2 (2018), p. 49-72
Título Educación matemática
Número Internacional Normalizado para Publicaciones Seriadas 0187-8298
856 4# - LOCALIZACIÓN Y ACCESO ELECTRÓNICOS
Identificador Uniforme del Recurso <a href="http://www.revista-educacion-matematica.org.mx/descargas/vol30/2/03_REM_30-2_Valenzuela.pdf">http://www.revista-educacion-matematica.org.mx/descargas/vol30/2/03_REM_30-2_Valenzuela.pdf</a>
856 4# - LOCALIZACIÓN Y ACCESO ELECTRÓNICOS
Identificador Uniforme del Recurso <a href="http://dx.doi.org/10.24844/EM3002.03">http://dx.doi.org/10.24844/EM3002.03</a>
905 ## - TIPO DE MATERIAL
Tipo de material Articulo
942 ## - ELEMENTOS DE PUNTO DE ACCESO ADICIONAL (KOHA)
Tipo de ítem Koha Artículo Electrónico
Holdings
Estado de retiro Estado de pérdida Estado dañado No para préstamo Código de colección Localización permanente Ubicación/localización actual Ubicación en estantería Fecha de adquisición Total de préstamos Fecha visto por última vez Identificador Uniforme del Recurso Precio válido a partir de Tipo de ítem Koha
        Acceso abierto Bib. Gregorio Torres Quintero Bib. Gregorio Torres Quintero En línea 15/11/2023   15/11/2023 http://www.revista-educacion-matematica.org.mx/descargas/vol30/2/03_REM_30-2_Valenzuela.pdf 15/11/2023 Artículo Electrónico